000 00539nam a22001937a 4500
999 _c8081
_d8081
003 OSt
005 20230301115724.0
008 230301b ||||| |||| 00| 0 eng d
020 _a072791152x
040 _cMUST
082 _aW50c73 1997
100 _aEdited by charles RK hind;
_916458
245 _aCommunication skills in medicine.
_cEdited by Charles ,RK hind;
260 _aLondon.
_bBMJ Publishing Group;
_c1997
300 _axiii,161p;
_bill;
_c24cm.
504 _aincludes index
650 _aMedicine
_9324
942 _2z
_cO_SHELF